000
00371nam a2200145Ia 4500
008
230917s9999||||xx |||||||||||||| ||und||
040
_e
176959
_a
MAIN
041
_a
English
082
_a
891.433721 AR78J
100
_a
अमृतराय
245
0
_a
जंगल
260
_a
इलाहाबाद
_b
हंस
_c
1977
300
_a
235 पृ. p.
942
_c
HN
999
_c
181584
_d
181584